Organic manures (Record no. 41191)

MARC details
000 -LEADER
fixed length control field 00283nam a2200121Ia 4500
082 ## - DEWEY DECIMAL CLASSIFICATION NUMBER
Classification number 631.86
Item number GAU
100 ## - MAIN ENTRY--AUTHOR NAME
Personal name Gaur, A C
245 #0 - TITLE STATEMENT
Title Organic manures
260 ## - PUBLICATION, DISTRIBUTION, ETC. (IMPRINT)
Place of publication New Delhi
Name of publisher ICAR
Year of publication 1995
650 ## - SUBJECT ADDED ENTRY--TOPICAL TERM
Topical Term Plant nutrients
942 ## - ADDED ENTRY ELEMENTS (KOHA)
Koha item type Books
Holdings
Withdrawn status Lost status Damaged status Not for loan Home library Current library Date acquired Cost, normal purchase price Full call number Accession Number Koha item type
        RRII Library RRII Library 16/12/2021 30.00 631.86 GAU 21482 Books